Workshop on Threat of Voltage Instability in power Systems/ (Record no. 188652)

MARC details
000 -LEADER
fixed length control field 00551nam a22001697a 4500
005 - DATE AND TIME OF LATEST TRANSACTION
control field 20220530154956.0
010 ## - LCCN (DPL NO)
LC control number ENG-132890
020 ## - INTERNATIONAL STANDARD BOOK NUMBER
International Standard Book Number 9788184255400
Terms of availability 350.00
035 ## - SYSTEM CONTROL NUMBER
System control number EN-116422
037 ## - SOURCE OF ACQUISITION
Source of stock number/acquisition DBAD/PUB
082 ## - DEWEY DECIMAL CLASSIFICATION NUMBER
Classification number 621.3191
245 ## - TITLE STATEMENT
Title Workshop on Threat of Voltage Instability in power Systems/
Statement of responsibility, etc Edited by M.K. Verma
260 ## - PUBLICATION, DISTRIBUTION, ETC. (IMPRINT)
Place of publication, distribution, etc Mumbai
Name of publisher, distributor, etc Allied Publishers Private Limited
Date of publication, distribution, etc 2009
270 ## - ADDRESS
Address 15 J.N. Heredia Marg, Ballard Estate
City Mumbai
Postal code 400001
300 ## - PHYSICAL DESCRIPTION
Extent 153p.
Dimensions 28cm(pbk)
942 ## - ADDED ENTRY ELEMENTS (KOHA)
Source of classification or shelving scheme Dewey Decimal Classification
Item type English Books
Classification part 621.3191
Call number suffix WOR
Holdings
Withdrawn status Lost status Not for loan Collection code Home library Current library Date acquired Source of acquisition Cost, normal purchase price Full call number Barcode Copy number Cost, replacement price Koha item type
      Non-fiction Patel Nagar Patel Nagar 30/05/2022 DBAD 350.00 621.3191 WOR EN-116422 1 350.00 English Books

© Delhi Public Library
Hit Counter
free hit counter